Riconosci il Pokémon - Quiz n°36 - Statistics

Statistiche generali
  • Questo quiz è stato fatto 9 volte
  • Il punteggio medio è 8 su 10
Statistiche sulle risposte
Indizio Risposta % Corretto
Generazione Sesta
100%
Peso 505,0 kg
88%
Tasso di cattura 55 (13.9%)
88%
Tipo Ghiaccio; Ghiaccio / Roccia (Hisui)
88%
Abilità Mente Locale; Corpogelo; Vigore; Ferromascella (Hisui)
88%
Stadio evoluzione Prima evoluzione
88%
Altezza 2,0 m
75%
Sesso 50% ♂, 50% ♀
75%
Tasso di allevamento Medio-Veloce
75%
Pokémon Avalugg
63%
Nessun quiz corrispondente trovato
Distribuzione punteggi
Percentuale di utenti per punteggio
Percentile per numero di risposta
I tuoi punteggi nel tempo
Non hai fatto questo quiz